| 000 | 00937nam a2200253 u 4500 | ||
|---|---|---|---|
| 001 | 53834 | ||
| 005 | 20260504071830.0 | ||
| 008 | 960313s1980 spa | ||
| 035 | _a53834 | ||
| 035 | _a(OCoLC)778156556 | ||
| 040 | _ccomduadb | ||
| 041 | _aspa | ||
| 082 | 4 | _a370 | |
| 110 | 2 | 0 |
_aInstituto Ser de Investigacion _4aut _eaut _9828566 |
| 245 | 1 | 0 | _aEducacion-cultura : revision del estado del arte de la investigacion cientifica nacional en relacion con el tema : informe final |
| 260 |
_aBogotá : _b[sin publicador], _c1980. |
||
| 300 | _a87 hojas | ||
| 650 | 7 |
_aAntropología de la educación _2lemb _910118 |
|
| 650 |
_aInvestigación educativa _94655 |
||
| 650 | 7 |
_aAntropología de la educación _2lemb _910118 |
|
| 700 | 1 | 0 |
_aAlvarado Acevedo, Alberto _4aut _0(isni)0000 0000 5555 4925 _0(viaf)13683075 _eaut _9258973 |
| 711 | 2 | 0 |
_aSeminario de Investigacion Educativa (1980 : Bogota), _4aut _eaut |
| 942 | _cBOOK | ||
| 999 |
_c28670 _d28670 |
||